Property week supplement (Record no. 80640)
[ view plain ]
| 000 -LEADER | |
|---|---|
| fixed length control field | 01326cab a22002055a 4500 |
| 001 - CONTROL NUMBER | |
| control field | L144913 |
| 008 - FIXED-LENGTH DATA ELEMENTS--GENERAL INFORMATION | |
| fixed length control field | 080820e20080627xxkd f s 000 0 eng d |
| 035 ## - SYSTEM CONTROL NUMBER | |
| System control number | (Sirsi) u144913 |
| 041 0# - LANGUAGE CODE | |
| Language code of text/sound track or separate title | eng |
| 100 1# - MAIN ENTRY--PERSONAL NAME | |
| Personal name | Fellows, Simon |
| 245 00 - TITLE STATEMENT | |
| Title | Property week supplement |
| Remainder of title | coming of age |
| 260 ## - PUBLICATION, DISTRIBUTION, ETC. | |
| Date of publication, distribution, etc. | 2008 |
| 490 ## - SERIES STATEMENT | |
| Series statement | Property Week Supplement |
| Volume/sequential designation | 27 June 2008, 6-11(4) |
| 520 ## - SUMMARY, ETC. | |
| Summary, etc. | Suggests that the UK retail property investment market is strong enough to face the current economic slowdown. States that shopping centres are opening, with an average size increasing form 16,000 m2 in 2007 to 25,000 m2 in 2008. Shows that they are the biggest capital market in property to invest in. Declares that the West end market is in good position, due to the huge globalisation of markets over the past 25 years. Explains that property investment from pension and investment plans has grown as the amount of global investment has grown, but that the figure is still low, 10 to 12% in most investment funds. Reveals that there is a need for the pressure on financial markets to reduce to avoid the threat of recession. |
| 590 ## - LOCAL NOTE (RLIN) | |
| Local note | KA |
| 651 #4 - SUBJECT ADDED ENTRY--GEOGRAPHIC NAME | |
| Geographic name | United Kingdom |
| Chronological subdivision | |
| 690 ## - LOCAL SUBJECT ADDED ENTRY--TOPICAL TERM (OCLC, RLIN) | |
| Topical term or geographic name as entry element | PROPERTY-COMMERCIAL PROPERTY-COMMERCIAL PROPERTY MARKET |
| 690 ## - LOCAL SUBJECT ADDED ENTRY--TOPICAL TERM (OCLC, RLIN) | |
| Topical term or geographic name as entry element | PROPERTY-COMMERCIAL PROPERTY-COMMERCIAL PROPERTY FINANCE AND INVESTMENT |
| 942 ## - ADDED ENTRY ELEMENTS (KOHA) | |
| Suppress in OPAC | 0 |
| Withdrawn status | Lost status | Source of classification or shelving scheme | Damaged status | Not for loan | Home library | Current library | Shelving location | Date acquired | Total Checkouts | Full call number | Barcode | Date last seen | Copy number | Price effective from | Koha item type |
|---|---|---|---|---|---|---|---|---|---|---|---|---|---|---|---|
| Dewey Decimal Classification | London | London | Journal article | 20/08/2008 | L144913 | 144913-1001 | 06/08/2019 | 1 | 06/08/2019 | Journal article |